00257nam a22000857a 4500082001500000100003500015245009200050300000700142650002200149 a5412.1 INS aInstitiute of Chemistry Ceylon aIn search of excellence towards enhancement of quality and productavity in laboratories a30 aquality laborator